Southville International School and Colleges
Your cart is empty.
  • Cart
  • Lists
    Public lists Eva Luna New books Lux_list list_1
    Your lists Log in to create your own lists
  • Log in to your account
  • Your cookies
  • Search history
Southville International School and Colleges
  • Advanced search
  • Recent comments
  • Most popular
  • Libraries

Log in to your account

Log in with GOOGLE


If you do not have an external account, but do have a local account, you can still log in:

  1. Home
  2. MARC view: Edifice complex
Normal view MARC view ISBD view

Edifice complex (Record no. 17094)

[ view plain ]
MARC details
000 -LEADER
fixed length control field 01220nam a22003495a 4500
001 - CONTROL NUMBER
control field 13409552
003 - CONTROL NUMBER IDENTIFIER
control field OSt
005 - DATE AND TIME OF LATEST TRANSACTION
control field 20140310182901.0
008 - FIXED-LENGTH DATA ELEMENTS--GENERAL INFORMATION
fixed length control field 030714s2003 ph a b 001 0 eng
010 ## - LIBRARY OF CONGRESS CONTROL NUMBER
LC control number 2003410700
020 ## - INTERNATIONAL STANDARD BOOK NUMBER
International Standard Book Number 9715504353
035 ## - SYSTEM CONTROL NUMBER
System control number (DLC) 2003410700
037 ## - SOURCE OF ACQUISITION
Source of stock number/acquisition Library of Congress -- Jakarta Overseas Office
Terms of availability P265.00
040 ## - CATALOGING SOURCE
Original cataloging agency DLC
Transcribing agency DLC
042 ## - AUTHENTICATION CODE
Authentication code lcode
050 ## - LIBRARY OF CONGRESS CALL NUMBER
Classification number JC 330
Item number .L711 2003
082 ## - DEWEY DECIMAL CLASSIFICATION NUMBER
Classification number FIL 720.09599
Item number .L711 2003
100 1# - MAIN ENTRY--PERSONAL NAME
Personal name Lico, Gerard.
245 10 - TITLE STATEMENT
Title Edifice complex
Remainder of title power, myth, and Marcos state architecture
Statement of responsibility, etc Lico, Gerard
246 30 - VARYING FORM OF TITLE
Title proper/short title Power, myth, and Marcos state architecture
260 ## - PUBLICATION, DISTRIBUTION, ETC. (IMPRINT)
Place of publication, distribution, etc Quezon City
Name of publisher, distributor, etc Ateneo de Manila University Press
Date of publication, distribution, etc c2003
300 ## - PHYSICAL DESCRIPTION
Extent xvi, 179 p.
Other physical details ill.
Dimensions 23 cm.
500 ## - GENERAL NOTE
General note Revision of the author's thesis (M.A.)--University of the Philippines.
504 ## - BIBLIOGRAPHY, ETC. NOTE
Bibliography, etc Includes bibliographical references (p. 162-173) and index.
521 ## - TARGET AUDIENCE NOTE
Target audience note
526 ## - STUDY PROGRAM INFORMATION NOTE
Reading level 1210L-1700L
541 ## - IMMEDIATE SOURCE OF ACQUISITION NOTE
-- 1
562 ## - COPY AND VERSION IDENTIFICATION NOTE
Number of copies For circulation. 1 copy available in the collection.
906 ## - LOCAL DATA ELEMENT F, LDF (RLIN)
a 7
b ibc
c origode
d 3
e ncip
f 20
g y-gencatlg
942 ## - ADDED ENTRY ELEMENTS (KOHA)
Source of classification or shelving scheme Library of Congress Classification
Koha item type Books
Call number prefix Filipininana
Holdings
Withdrawn status Lost status Source of classification or shelving scheme Damaged status Home library Current library Shelving location Date acquired Total Checkouts Full call number Barcode Date last seen Copy number Price effective from Koha item type
    Library of Congress Classification   College Library College Library Filipiniana Section 09/04/2012   JC 330 .L711 2003 c14865 05/08/2018 1 09/04/2012 Books

Edifice complex

APA

Lico G., . (2003). Edifice complex. Quezon City: Ateneo de Manila University Press.

Chicago

Lico Gerard, . 2003. Edifice complex. Quezon City: Ateneo de Manila University Press.

Harvard

Lico G., . (2003). Edifice complex. Quezon City: Ateneo de Manila University Press.

MLA

Lico Gerard, . Edifice complex. Quezon City: Ateneo de Manila University Press. 2003.

  • Place hold
  • Print
  • Cite
  • Add to your cart (remove)
  • Save record
    BIBTEX Dublin Core MARCXML MARC (non-Unicode/MARC-8) MARC (Unicode/UTF-8) MARC (Unicode/UTF-8, Standard) MODS (XML) RIS
  • More searches
    Search for this title in:
    Other Libraries (WorldCat) Other Databases (Google Scholar) Online Stores (Bookfinder.com) Open Library (openlibrary.org)

Exporting to Dublin Core...

SOUTHVILLE LIBRARY

Southville International School and Colleges Library

1281 Tropical Ave. Cor. Luxembourg St., BF Homes International, Las Pinas City

Tel. No. 8256374 / 252358 Loc. 117/146

Powered by Koha